|
|
|
|
| LEADER |
01528nam a22003852a 4500 |
| 001 |
000074501 |
| 003 |
CZ BrMZK |
| 005 |
20200921075138.0 |
| 007 |
ta |
| 008 |
020801s1993 xr ac f |||| 0 cze d |
| 015 |
|
|
|a cnb000084251
|
| 020 |
|
|
|a 80-85625-18-0
|q (brož.)
|
| 035 |
|
|
|a (OCoLC)29941302
|
| 040 |
|
|
|a ABA001
|b cze
|d BOA001
|
| 043 |
|
|
|a e-xr---
|2 czenas
|
| 045 |
|
|
|a x8x9
|
| 080 |
9 |
|
|a 323
|
| 080 |
9 |
|
|a 943.71/.72
|
| 080 |
9 |
|
|a 885.0-83
|
| 080 |
9 |
|
|a 929
|
| 100 |
1 |
|
|a Klusáková, Jana,
|d 1941-
|7 jk01060727
|4 aut
|
| 245 |
1 |
0 |
|a Nadoraz :
|b o životě v zámku a v podzámčí /
|c rozmlouvají Jana Klusáková a Karel Schwarzenberg
|
| 246 |
3 |
|
|a Jana Klusáková a Karel Schwarzenberg rozmlouvají nadoraz o životě v zámku a v podzámčí
|
| 260 |
|
|
|a Praha :
|b Primus,
|c 1993
|
| 300 |
|
|
|a 114 s. :
|b il., portréty ;
|c 17 cm
|
| 600 |
1 |
7 |
|a Schwarzenberg, Karel,
|d 1937-
|7 jn19990209759
|2 czenas
|
| 653 |
0 |
|
|a politický vývoj
|a společenský vývoj
|a Česká republika
|
| 655 |
|
7 |
|a rozhovory
|7 fd133303
|2 czenas
|
| 700 |
1 |
|
|a Schwarzenberg, Karel,
|d 1937-2023
|7 jn19990209759
|4 aut
|
| 856 |
4 |
1 |
|u http://www.digitalniknihovna.cz/mzk/uuid/uuid:bc927150-8fc5-11e3-bd09-005056827e51
|y Digitalizovaný dokument
|x NDK
|
| 910 |
|
|
|a BOA001
|b PK-A-0020.181
|b TK-0252.701
|
| 920 |
|
|
|a 000144617
|
| 990 |
|
|
|a BK
|
| 996 |
7 |
|
|b 2629984431
|c TK-0252.701
|l MZK
|r Sklad / do 24 hodin
|n 6
|w 000074501
|u 000020
|a 1
|e BOA001
|j MZK50
|s A
|
| 996 |
7 |
|
|b 3119962172
|c PK-A-0020.181
|l MZK
|r Sklad / do 1 hodiny
|n 6
|w 000074501
|u 000010
|a 1
|e BOA001
|j MZK50
|s A
|